000 00477nam a2200193 4500
001 VA22669
003 ES-SlBCS
005 20210601153750.0
008 140520s1957 xxu||||| |||| 00| 0 spa d
041 _aspa
100 1 _aEnciso, E.
_925057
245 1 0 _aEl evangelio de la madre
_cE. Enciso
250 _a5ยช ed.
260 _aMadrid :
_bStudium
_c, 1957
300 _a356 p.;
_c19 cm
490 0 _aHogar
_v1
650 _aMadre-Lugar en la Familia
_9362318
942 _cBK
999 _c795626
_d795626